| 000 -LEADER |
| fixed length control field |
00771cam a22002534a 4500 |
| 020 ## - INTERNATIONAL STANDARD BOOK NUMBER |
| ISBN |
9784924971257 |
| 020 ## - INTERNATIONAL STANDARD BOOK NUMBER |
| ISBN |
4924971251 |
| 040 ## - CATALOGING SOURCE |
| Transcribing agency |
LWU |
| 041 1# - LANGUAGE CODE |
| Language code of original and/or intermediate translations of text |
jpn |
| 082 ## - DEWEY DECIMAL CLASSIFICATION NUMBER |
| Classification number |
658 INT 2008 A045 Or. |
| 100 1# - MAIN ENTRY--AUTHOR NAME |
| Personal name |
Ohga, Norio, |
| 245 10 - TITLE STATEMENT |
| Title |
Doing it our way : |
| Remainder of title |
a Sony memoir / |
| 246 30 - VARYING FORM OF TITLE |
| Title proper/short title |
Sony memoir |
| 250 ## - EDITION STATEMENT |
| Edition statement |
1st English ed. |
| 260 ## - PUBLICATION, DISTRIBUTION, ETC. (IMPRINT) |
| Place of publication |
Tokyo : |
| Name of publisher |
International House of Japan, |
| Year of publication |
2008. |
| 300 ## - PHYSICAL DESCRIPTION |
| Number of Pages |
xix, 123 p. : |
| Other physical details |
ill. ; |
| Dimensions |
24 cm. |
| 500 ## - GENERAL NOTE |
| General note |
At head of title: LTCB International Library Trust/International House of Japan. |
| 500 ## - GENERAL NOTE |
| General note |
Rev. translation of: Sony no senritsu. |
| 500 ## - GENERAL NOTE |
| General note |
Includes index. |
| 650 #0 - SUBJECT ADDED ENTRY--TOPICAL TERM |
| Topical Term |
Executives |
| 710 2# - ADDED ENTRY--CORPORATE NAME |
| Corporate name or jurisdiction name as entry element |
LTCB International Library Trust. |
| 710 2# - ADDED ENTRY--CORPORATE NAME |
| Corporate name or jurisdiction name as entry element |
Kokusai Bunka Kaikan (Tokyo, Japan) |
| 942 ## - ADDED ENTRY ELEMENTS (KOHA) |
| Koha item type |
សៀវភៅភាសាអង់គ្លេស |
| 952 ## - LOCATION AND ITEM INFORMATION (KOHA) |
| Withdrawn status [LOCAL, KOHA] |
0 |